=LDR 00000nam 2200000 4500 =001 NUTBA000000000002643 =005 20140624095132.0 =006 =007 =008 =020 ##$$a 979-763-544-9 =035 ##$$a 0010-061400000000586 =040 ##$$a NBPDMAT =082 ##$$a 650 =090 ##$$a 650 $b Ana e =100 ##$$a Anastasia Diana =245 ##$$a E - Business / $c Anastasia Diana dan Fondly Ciptono =250 ##$$a Cet.111 =260 ##$$a Yogyakarta : $b Andi, $c 2007 =300 ##$$a xx, 280 hlm. ; $c 22 cm. =500 ##$$a Bibliografi : hlm. 257 =650 ##$$a Bisnis - E$lektronik =700 ##$$a Fandy Ciptono =850 ##$$a NBPDMAT =990 ##$$a 21403912